MARC details
| 000 -LEADER |
| fixed length control field |
04118nam a2200301 i 4500 |
| 003 - CONTROL NUMBER IDENTIFIER |
| control field |
CSPC |
| 005 - DATE AND TIME OF LATEST TRANSACTION |
| control field |
20250324165640.0 |
| 008 - FIXED-LENGTH DATA ELEMENTS--GENERAL INFORMATION |
| fixed length control field |
250321s2023 -uka 001 0 eng d |
| 020 ## - INTERNATIONAL STANDARD BOOK NUMBER |
| International Standard Book Number |
9781803235035 |
| 040 ## - CATALOGING SOURCE |
| Transcribing agency |
CSPC |
| Original cataloging agency |
CSPC |
| Language of cataloging |
eng |
| Description conventions |
rda |
| 050 04 - LIBRARY OF CONGRESS CALL NUMBER |
| Classification number |
QA76.9.D3 |
| 082 04 - DEWEY DECIMAL CLASSIFICATION NUMBER |
| Edition number |
23 |
| Classification number |
005.74 |
| Item number |
D465s |
| 100 1# - MAIN ENTRY--PERSONAL NAME |
| Personal name |
Desmurs-Linczewska, Aleksandra, |
| Relator term |
author. |
| 245 10 - TITLE STATEMENT |
| Title |
Simplifying state management in react native : |
| Remainder of title |
master state management from hooks and context through to Redux, MobX, XState and Jotai and react query / |
| Statement of responsibility, etc. |
Aleksandra Desmurs-Linczewska. |
| 250 ## - EDITION STATEMENT |
| Edition statement |
First edition. |
| 264 #1 - PRODUCTION, PUBLICATION, DISTRIBUTION, MANUFACTURE, AND COPYRIGHT NOTICE |
| Place of production, publication, distribution, manufacture |
Birmingham, UK : |
| Name of producer, publisher, distributor, manufacturer |
Packt Publishing Ltd., |
| Date of production, publication, distribution, manufacture, or copyright notice |
2023. |
| 300 ## - PHYSICAL DESCRIPTION |
| Extent |
xvii, 183 pages : |
| Other physical details |
illustrations ; |
| Dimensions |
24 cm. |
| 336 ## - CONTENT TYPE |
| Source |
rdacontent |
| Content type term |
text |
| 337 ## - MEDIA TYPE |
| Source |
rdamedia |
| Media type term |
unmediated |
| 338 ## - CARRIER TYPE |
| Source |
rdacarrier |
| Carrier type term |
volume |
| 500 ## - GENERAL NOTE |
| General note |
Includes index. |
| 505 0# - FORMATTED CONTENTS NOTE |
| Formatted contents note |
Part 1. Learn the basics: intro to react, states, props, hooks, and context -- What are react and react native? -- Managing state in a simple react app -- Part 2. Creating a real, working app -- Planning and setting up the funbook app -- Styling and populating the funbook app -- Part 3. Exploring various libraries for state management in react native -- Implementing redux in our funbook app -- Using MobX as a state manager in a react native app -- Untangling complex flows in react native apps with XState -- Integrating Jotai in a react native app -- Using react query for server-side-driven state management. |
| 520 ## - SUMMARY, ETC. |
| Summary, etc. |
Make fact-based decisions by comparing different solutions and learning popular ways to manage state in React Native with clear guidelines and recommendations by a React Native expert Key Features Explore the big picture of state management in React Native using the most simplified version Implement state management solutions by building a social media clone app Compare different state solutions in a contained environment to choose the best fit for your future projects Book Description Managing state in a React Native app can be challenging as it is one of the most difficult concepts to grasp while learning React Native. This is because there are so many ways to do it, and because there is a lack of clear guidelines on what should be used and why. Simplifying State Management in React Native is a comprehensive introduction for those who are new to creating robust React Native apps that will have you up to speed in no time. You'll get to grips with the different state management strategies and libraries available. As you progress through the chapters, you'll try out different solutions, as well as compare and choose which solution is perfectly suited to your future projects and personal preferences. Finally, you'll create a social media clone app using all the concepts and examples that you've learned in this book. By the end of this book, you'll be able to take on existing projects that use various state management strategies and libraries, and confidently make decisions about state management. What you will learn Start out by going over the basic ReactJS "mindset" Explore all that ReactJS has to offer to manage state in apps by building an app Understand existing state management libraries such as Redux, MobX, XState, Jotai, and React Query Decide which libraries you want to use in your apps Design a social media app to fully understand state management Try out all the solutions presented in the book in a social media clone app Who this book is for This book is for junior developers, React Native developers, and mobile app developers who are already using React Native, but are also on the lookout for advice and for a broader view to manage the state and changes in their applications. Basic knowledge of ReactJS and React Native, as well as familiarity with JavaScript and general mobile app development concepts are needed to grasp the topics covered in this book |
| 650 #0 - SUBJECT ADDED ENTRY--TOPICAL TERM |
| Topical term or geographic name entry element |
Database management. |
| 650 #0 - SUBJECT ADDED ENTRY--TOPICAL TERM |
| Topical term or geographic name entry element |
React Native. |
| 942 ## - ADDED ENTRY ELEMENTS (KOHA) |
| Source of classification or shelving scheme |
Dewey Decimal Classification |
| Suppress in OPAC |
No |
| Koha item type |
Books |
| Edition |
23 |
| Classification part |
005.74 |
| Item part |
D465s |
| Call number prefix |
CIR |
| Call number suffix |
2023 |